LEADER 01072nam0-22003131i-450- 001 990006847890403321 005 20001010 035 $a000684789 035 $aFED01000684789 035 $a(Aleph)000684789FED01 035 $a000684789 100 $a20001010d--------km-y0itay50------ba 101 0 $aita 105 $ay-------001yy 200 1 $a<>mortalité des enfants à Rome$estructure par age et par sexe, variations saisonnières et leurs transformations auXIXe siècle$fEugenio Sonnino et Claudio Schiavoni. 210 $aLiège$cIUSSP$d1992? 215 $a26 p.$d25 cm 300 $aSéminaire sur la mortalite des enfants dans le passe = Seminar on child and infant mortality in the past. Montréal, 7-9 oct. 1992. 676 $a304.6 700 1$aSonnino,$bEugenio$f<1938- >$0103076 702 1$aSchiavoni,$bClaudio 801 0$aIT$bUNINA$gRICA$2UNIMARC 901 $aBK 912 $a990006847890403321 952 $aVI F 191$b30290$fFSPBC 959 $aFSPBC 996 $aMortalité des enfants à Rome$9627083 997 $aUNINA DB $aGEN01